LEADER 01650nam a2200325 i 4500 001 000000355611 003 CaOOAMICUS 005 20250605122752.0 008 231006s1760 it b u000 u ita u 026 $eo,ta o,to e;i; NoEr (3) 1760 040 $aSeMil$bita 245 10$a2. 264 1$aIn Parigi :$bPresso la vedova Quillau,$c1760. 300 $a[4], 342, [2] p., [6] carte di tav. :$bill. calcogr. ;$c8° 500 $aFront., ritr. di A. Caro e tavole disegnate da Giuseppe Zocchi ed incise da Pierre Chenu, A.J. Defehrt e Benoit Louis Prevost 500 $aLa carta C8 erroneamente segnata E* 500 $aLe carte sostituite sono indicate da una lettera della segnatura seguita da asterisco 500 $aSegn.: A?-X? Y? 500 $aVignette calcogr. precedono l'inizio di ciascun libro dell'Eneide 500 $aFront. incisi 700 1 $aPrévost, Benoit Louis .$0(OLS)http://semarc/name/81361 700 1 $aZocchi, Giuseppe .$0(OLS)http://semarc/name/118413 700 1 $aFehrt, A. J. .$0(OLS)http://semarc/name/118412 700 1 $aChenu, Pierre .$0(OLS)http://semarc/name/118411 773 0 $aVergilius Maro, Publius <70-19 a.C.>$tEneide di Virgilio del commendatore Annibal Caro. Tomo primo [-secondo].$dIn Parigi : Presso la vedova Quillau, 1760.$g2$w()355607 850 $aSeMil 852 $aSeMil$W1$xVenegono$y1$m1V VII 62 FA$j243663$B246864$CSeMilBibl$Z2$F246864 $8I 996 $6245$a2$9(OLS)http://semarc/title/46889 996 $6264$aIn Parigi :$bPresso la vedova Quillau$9(OLS)http://semarc/publisher/61303 LEADER 01183nam a2200205 i 4500 001 000000214330 003 CaOOAMICUS 005 20120707000000.0 008 120707n xx u000 u lat u 013 $a193201 040 $aSeMil$bita 245 10$aQuaestiones physiologicae de primo, quinto, sexto decalogi praeceptis et de ecclesiastico coelibatu :$baccedunt quatuor tabulae coloratae. 300 $a352 p., [4] p. di tav. 650 4$aMedicina - Morale cristiana.$0(OLS)http://semarc/subject/3594 650 4$aPastorale sanitaria.$0(OLS)http://semarc/subject/4491 650 4$aPenitenza - Manuali.$0(OLS)http://semarc/subject/4416 773 0 $aAntonelli, Giuseppe <1861-1944>$tMedicina pastoralis in usum confessariorum, professorum theologiae moralis et curiarum ecclesiasticarum.$beditio 5. valde aucta et emendata.$dRomae : Fridericus Pustet, 1932.$gVol.2$w()27043 850 $aSeMil 852 $aSeMil$W1$xVenegono$y1$m2E III 71$j164754$B164754$CSeMilBibl$Z2$F175726 $81 996 $6245$aQuaestiones physiologicae de primo, quinto, sexto decalogi praeceptis et de ecclesiastico coelibatu :$baccedunt quatuor tabulae coloratae$9(OLS)http://semarc/title/308812